<?xml version="1.0" encoding="UTF-8"?>
<collection xmlns="http://www.loc.gov/MARC21/slim">
 <record>
  <leader>01145cam a2200289 7i4500</leader>
  <controlfield tag="001">0000150505</controlfield>
  <controlfield tag="005">20210510090000.0</controlfield>
  <controlfield tag="008">210509b20142014my #   ###   #00001eng##</controlfield>
  <datafield tag="020" ind1="#" ind2="#">
   <subfield code="a">9789670630083 </subfield>
  </datafield>
  <datafield tag="040" ind1="#" ind2="#">
   <subfield code="a">UMT</subfield>
  </datafield>
  <datafield tag="090" ind1="0" ind2="#">
   <subfield code="a">JQ 1062 .A9 </subfield>
   <subfield code="b">E4 2014</subfield>
  </datafield>
  <datafield tag="245" ind1="0" ind2="0">
   <subfield code="a">Electoral dynamics in Malaysia : </subfield>
   <subfield code="b">findings from the Grassroots  </subfield>
   <subfield code="c">edited by Meredith L. Weiss.</subfield>
  </datafield>
  <datafield tag="264" ind1="#" ind2="1">
   <subfield code="a">Petaling Jaya. Selangor: </subfield>
   <subfield code="b">Strategic Information and Research Development Centre, </subfield>
   <subfield code="c">2014.</subfield>
  </datafield>
  <datafield tag="264" ind1="#" ind2="4">
   <subfield code="c">♭2014.</subfield>
  </datafield>
  <datafield tag="300" ind1="#" ind2="#">
   <subfield code="a">xv, 254 pages: </subfield>
   <subfield code="b">illustrations; </subfield>
   <subfield code="c">23 cm.</subfield>
  </datafield>
  <datafield tag="336" ind1="#" ind2="#">
   <subfield code="a">text</subfield>
   <subfield code="2">rdacontent</subfield>
  </datafield>
  <datafield tag="337" ind1="#" ind2="#">
   <subfield code="a">unmediated</subfield>
   <subfield code="2">rdamedia</subfield>
  </datafield>
  <datafield tag="338" ind1="#" ind2="#">
   <subfield code="a">volume</subfield>
   <subfield code="2">rdacarrier</subfield>
  </datafield>
  <datafield tag="504" ind1="#" ind2="#">
   <subfield code="a">Includes bibliographical references and index</subfield>
  </datafield>
  <datafield tag="590" ind1="#" ind2="#">
   <subfield code="a">Pusat Pengajian Asas dan Liberal</subfield>
  </datafield>
  <datafield tag="591" ind1="#" ind2="#">
   <subfield code="a">Reading List PPAL 2021</subfield>
  </datafield>
  <datafield tag="650" ind1="#" ind2="0">
   <subfield code="a">Malaysia  -- </subfield>
   <subfield code="x"> Politics and government. </subfield>
  </datafield>
  <datafield tag="650" ind1="#" ind2="0">
   <subfield code="a">Elections  -- </subfield>
   <subfield code="z">Malaysia </subfield>
  </datafield>
  <datafield tag="651" ind1="#" ind2="0">
   <subfield code="a">Malaysia  -- </subfield>
   <subfield code="x"> Parlimen  -- </subfield>
   <subfield code="x"> Dewan Rakyat  -- </subfield>
   <subfield code="x"> Elections, 2013 </subfield>
  </datafield>
  <datafield tag="700" ind1="1" ind2="#">
   <subfield code="a">Weiss, Meredith L. </subfield>
  </datafield>
  <datafield tag="999" ind1=" " ind2=" ">
   <subfield code="a">1100111218</subfield>
   <subfield code="b">Book</subfield>
   <subfield code="c">Open Shelf</subfield>
   <subfield code="e">KOLEKSI TERBUKA</subfield>
  </datafield>
  <datafield tag="999" ind1=" " ind2=" ">
   <subfield code="a">1100111219</subfield>
   <subfield code="b">Book</subfield>
   <subfield code="c">Koleksi Buku Berbintik Merah (Red Spot)</subfield>
   <subfield code="e">KOLEKSI KHAS</subfield>
  </datafield>
 </record>
</collection>
